LEADER 01050nam0 22002771i 450 001 UON00069647 005 20231205102345.823 010 $a01-982912-7-2 100 $a20020107d1989 |0itac50 ba 101 $aeng 102 $aGB 105 $a|||| ||||| 200 1 $aEmbargo disimplemented$eSouth Africa's military industry$fSigne Landgren 210 $aOxford$cOxford University Press$d1989 215 $axv, 276 p.$d23 cm 606 $aINDUSTRIA BELLICA$xAfrica Meridionale$3UONC019684$2FI 620 $aGB$dOxford$3UONL000029 676 $a338.476234$cINDUSTRIA BELLICA$v21 700 1$aLANDGREN$bSigne$3UONV043703$0657736 712 $aOxford University Press$3UONV245947$4650 801 $aIT$bSOL$c20240220$gRICA 899 $aSIBA - SISTEMA BIBLIOTECARIO DI ATENEO$2UONSI 912 $aUON00069647 950 $aSIBA - SISTEMA BIBLIOTECARIO DI ATENEO$dSI AA ST 114 $eSI AA 11037 5 114 996 $aEmbargo disimplemented$91162354 997 $aUNIOR LEADER 01485nam 2200421z- 450 001 9910689481303321 005 20161209100219.0 035 $a(CKB)5860000000031485 035 $a(BIP)021773108 035 $a(EXLCZ)995860000000031485 100 $a20220406c2000uuuu -u- - 101 0 $aeng 200 10$aProject Exile $ethe Safe Streets and Neighborhoods Act of 2000 : hearing before the Subcommittee on Crime of the Committee on the Judiciary, House of Representatives, One Hundred Sixth Congress, second session, on H.R. 4051, April 6, 2000 215 $a1 online resource (iii, 118 p.) $cill 311 $a0-16-064505-0 517 $aProject Exile 606 $aFirearms$xLaw and legislation$zUnited States 606 $aMandatory sentences$zUnited States 606 $aViolent crimes$zUnited States 606 $aCriminal justice, Administration of$zUnited States$xStates 606 $aLaw enforcement$zUnited States 610 $aFirearms 610 $aViolent crimes 610 $aCriminal justice, administration of 610 $aLaw enforcement 610 $aHistory 610 $aSocial science 610 $aLaw 610 $aPolitical science 615 0$aFirearms$xLaw and legislation 615 0$aMandatory sentences 615 0$aViolent crimes 615 0$aCriminal justice, Administration of$xStates. 615 0$aLaw enforcement 906 $aBOOK 912 $a9910689481303321 996 $aProject Exile$93128609 997 $aUNINA